000 00644nam a2200181Ia 4500
008 100920s9999 xx 000 0 und d
082 _b103208
_a891.43 न 06
100 _aखन्डेलवाल अनिरुध्द.
245 _aसामाजिक पर्यावरण.
260 _bकमल पुस्तक केेंद्र,दिल्ली.
_c2006
300 _a136
_bसाधी
365 _b195
520 _aहिंदी.
630 _aसामाजिक पर्यावरण.
650 _aहिंदी.
730 _aसामाजिक पर्यावरण.
942 _cBOOK
999 _c743640
_d743637